000 00560nam a22001817a 4500
005 20231116140739.0
008 231116b |||||||| |||| 00| 0 eng d
020 _a0627001378
041 _aEnglish
082 _a343.7 SCH
100 _aSchaeffer, M and JF Heyne
_lEnglish
245 _aIndustrial Law in South Africa /
_cM Schaeffer and JF Heyne
250 _aSecond Edition
260 _aPretoria :
_bJ.L. Schaik Ltd,
_c1973
300 _bvii, 324 pages ;
_c23,5 cm.
650 _aLegal practice
_bLaw
942 _cBK
_6ALISON_BN_VRIES
999 _c739
_d739